Wszystkie utwory Shawna Mendesa - Statystyki

Ogólne statystyki
  • Ten quiz został rozwiązany 154 razy
    84 od ostatniego zresetowania
  • Średni wynik to 37 z 84
Statystyki odpowiedzi
Shawn % Poprawnych
In My Blood
93%
Stitches
90%
Wonder
90%
Mercy
86%
Treat You Better
86%
Lost
83%
Monster (feat. Justin Bieber)
83%
Senorita
83%
Lost In Japan
79%
Bad Reputation
72%
If I Can't Have You
72%
I Know What You Did Last Summer (feat. Camila Cabello)
72%
Lover
72%
Youth (feat. Khalid)
66%
Life of the Party
62%
Never Be Alone
62%
Something Big
62%
305
59%
Higher
59%
Roses
59%
There's Nothing Holdin' Me Back
59%
Why
59%
24 Hours
55%
Nervous
55%
Queen
55%
Ruin
55%
Teach Me How To Love
55%
Where Were You In The Morning
55%
Aftertaste
52%
Imagination
52%
Like To Be You (feat. Julia Michaels)
52%
Piece Of You
52%
Fallin' All in You
48%
Intro
48%
Lights On
48%
Air (feat. Astrid)
45%
Because I Had You
45%
No Promises
45%
Call My Friends
41%
Dream
41%
Honest
41%
I Don't Even Know Your Name
41%
Mutual
41%
Patience
41%
Perfectly Wrong
41%
The Weight
41%
Hold On
38%
Kid In Love
38%
Look Up At The Stars
38%
Song For No One
38%
Strings
38%
Understand
38%
Always Been You
34%
Memories
34%
Particular Taste
34%
Show You
34%
Three Empty Words
34%
When You're Ready
34%
Can't Imagine
31%
Like This
31%
Summer Of Love
31%
When You're Gone
31%
It'll Be Okay
28%
Kesi
28%
Bring It Back
24%
Crazy
24%
Oh Cecilia
24%
Running Low
24%
Under Pressure
24%
A Little Too Much
21%
Ballin Flossin
21%
Believe
21%
Heartbeat
21%
Don't Be a Fool
17%
Act Like You Love Me
14%
Can't Take My Eyes Off Of You
14%
This Is What It Takes
14%
One of Those Nights
10%
The Christmas Song (feat. Camila Cabello)
10%
Top Of The World
10%
Don't Want Your Love
7%
Carried Away
3%
Rip Up The Recipe
3%
Take A Look At Us Now
3%
Nie znaleziono quizów pasujących do podanych kryteriów
Rozkład punktacji
Procent ludzi z każdym wynikiem
Percentyl według liczby udzielonych odpowiedzi
Twoja historia wyników
Nie rozwiązałeś tego quizu od ostatniego zresetowania